Use of hydrogen peroxide in acclimatization of melon to salinity of irrigation water (Registro n. 332009)
[ somente texto ]
| 000 -LÍDER | |
|---|---|
| fixed length control field | 03873nab a2200385 i 4500 |
| 003 - CÓDIGO MARC DA AGÊNCIA CATALOGADORA | |
| Campo de controle | BR-BrBNA |
| 005 - DATA E HORA DA ÚLTIMA ATUALIZAÇÃO | |
| Campo de controle | 20250610215327.0 |
| 008 - CAMPO DE TAMANHO FIXO | |
| fixed length control field | 250610b2023 bl.mr|pooa||| 00| 0 eng | |
| 040 ## - FONTE DA CATALOGAÇÃO | |
| Agência catalogadora | BR-BrBNA |
| Idioma da catalogação | eng |
| 072 ## - CATEGORIA AGRIS | |
| Código AGRIS | F06 |
| Código do objeto | 0810 |
| 072 ## - CATEGORIA AGRIS | |
| Código AGRIS | F60 |
| 100 ## - ENTRADA PRINCIPAL - NOME PESSOAL | |
| Nome pessoal | Pereira, Francisco H. F. |
| 100 ## - ENTRADA PRINCIPAL - NOME PESSOAL | |
| Nome pessoal | Santos, Gisele L. dos |
| 100 ## - ENTRADA PRINCIPAL - NOME PESSOAL | |
| Nome pessoal | Lacerda, Francisco H. D. de |
| 100 ## - ENTRADA PRINCIPAL - NOME PESSOAL | |
| Nome pessoal | Sousa, Diogenes D. A. de |
| 100 ## - ENTRADA PRINCIPAL - NOME PESSOAL | |
| Nome pessoal | Sousa, Valéria F. de O. |
| 100 ## - ENTRADA PRINCIPAL - NOME PESSOAL | |
| Nome pessoal | Fernandes, Joyce E. de M. |
| 100 ## - ENTRADA PRINCIPAL - NOME PESSOAL | |
| Nome pessoal | Silva, Silvana F. da |
| 100 ## - ENTRADA PRINCIPAL - NOME PESSOAL | |
| Nome pessoal | Barboza, Jonathan B. |
| 245 ## - TÍTULO PRINCIPAL | |
| Título principal | Use of hydrogen peroxide in acclimatization of melon to salinity of irrigation water |
| 500 ## - NOTA GERAL | |
| Nota geral | Publicação on-line; 25 ref.; 2 illus; 2 tables; Sumaries (En, Pt) |
| 942 ## - ADDED ENTRY ELEMENTS (KOHA) | |
| Koha item type | Analítica |
| 520 ## - NOTA DE RESUMO | |
| Nota de conteúdo | <br/><br/>ABSTRACT: In the semi-arid region of northeastern Brazil, soil and climate conditions can increase the risk of soil salinization, particularly when poor-quality water is used for irrigation. Therefore, techniques that improve the yields of melon culture under adverse conditions, such as salinity, are of great relevance to the production sector. The objective of this study was to evaluate the effectiveness of hydrogen peroxide (H2 O2) in acclimatizing melon trees subjected to irrigation water with different salinity levels. The treatments consisted of irrigation water with two electrical conductivities (0.3 and 5.0 dS m-1) and four concentrations of H2 O2 (0, 5, 10, and 15 µmol L-1). The experimental design used was randomized blocks, arranged in a 2 × 4 factorial scheme, with four replicates and four plants per plot. Increase in salinity of irrigation water reduced the growth, gas exchange, and production of melon plants. However, H2 O2 , at a concentration of 6.35 µmol L-1, yielded improvements in physiology, growth, and production, in addition to reducing the deleterious effects of saline stress on melon production.<br/><br/>Key words: Cucumis melo L., physiology, saline water |
| 520 ## - NOTA DE RESUMO | |
| Nota de conteúdo | <br/><br/>RESUMO: No semiárido do Nordeste brasileiro as condições edafoclimáticas podem favorecer riscos de salinização do solo, principalmente quando se utiliza água de má qualidade para irrigação. Nesse contexto, técnicas que possibilitem melhorias nos rendimentos da cultura do melão em condições adversas, como a salinidade, são, portanto, de grande relevância para o setor produtivo. Logo, o objetivo deste estudo foi avaliar a eficácia do peróxido de hidrogênio (H2 O2) na aclimatação do meloeiro submetido a diferentes níveis salinos na água de irrigação. Os tratamentos consistiram de duas condutividades elétricas da água de irrigação (0,3 e 5,0 dS m-1) e quatro concentrações de H2 O2 (0, 5, 10 e 15 µmol L-1). O delineamento experimental utilizado foi o de blocos casualizados, em esquema fatorial 2 × 4, com quatro repetições e quatro plantas por parcela. O aumento da salinidade da água de irrigação reduz o crescimento, as trocas gasosas e a produção do meloeiro. No entanto, o H2 O2, na concentração de 6,35 µmol L-1 proporcionou melhorias na fisiologia, crescimento e produção, além de reduzir os efeitos deletérios do estresse salino na produção de melão.<br/><br/>Palavras-chave: Cucumis melo L., fisiologia, água salina |
| 650 ## - ASSUNTO - THESAGRO | |
| Cabeçalho tópico ou nome geográfico | MELÃO |
| 650 ## - ASSUNTO - THESAGRO | |
| Cabeçalho tópico ou nome geográfico | IRRIGAÇÃO |
| 650 ## - ASSUNTO - THESAGRO | |
| Cabeçalho tópico ou nome geográfico | SALINIDADE |
| 650 ## - ASSUNTO - THESAGRO | |
| Cabeçalho tópico ou nome geográfico | NORDESTE |
| 650 ## - ASSUNTO - THESAGRO | |
| Cabeçalho tópico ou nome geográfico | CONDIÇÃO AMBIENTAL |
| 650 ## - ASSUNTO - THESAGRO | |
| Cabeçalho tópico ou nome geográfico | FISIOLOGIA VEGETAL |
| 650 ## - ASSUNTO - THESAGRO | |
| Cabeçalho tópico ou nome geográfico | TROCA GASOSA |
| 773 0# - ENTRADA ANALÍTICA | |
| Host Biblionumber | 3534 |
| Registro do item | 317829 |
| Imprenta | Campina Grande-PB Universidade Federal de Campina Grande. Centro de Ciências e Tecnologia 1997 |
| Outro identificador | 2024-4548 |
| Título | Revista Brasileira de Engenharia Agrícola e Ambiental (Brazil) |
| ISSN | 1415-4366 |
| Colação | v. 27 (1) p. 51-56; (2023) |
| Número de controle de registro | BR2025001446 |
| 856 ## - ACESSO E ENDEREÇO ELETRÔNICO | |
| Identificador uniforme de recurso - URI | https://www.scielo.br/j/rbeaa/a/Q89NXV4HMmgh8Wt6nfY3pwP/?format=pdf&lang=en |
Nenhum exemplar disponível.

BINAGRI